00986nam a2200253 i 450000100060000000300090000600500170001500700030003200800410003510000510007624501290012726000470025630000320030360000700033560000390040565500190044470000390046370000340050270000290053685200210056594200080058699900170059495201210061172768ES-MaACL20250117133106.0t|040902s1921 fr ||||1| fre d1 aGoethe, Johann Wolfgang von,d1749-183295756810aCorrespondance échangée entre Goethe et Carlyle / cpublieé par Charles Eliot Norton ; traduction de Georges Khnosoff. aParís : bLibrairie Française, c1921. a186 p., 4 lám. ; c24 cm.17aGoethe, Johann Wolfgang von,d1749-1832-vCorrespondencia914410304aCarlyle, Thomas,d1795-1881935316 09235124aCartas0 aCarlyle, Thomas,d1795-18819353161 aNorton, Charles Eliot.9860091 aKhnopff, Georges.967993 aES-MaACLjG-3064 2udc c72768d72768 00104070aATENEOMbATENEOMcDEPO2d2008-01-17eSCl0oG-3064p1076175r2023-02-23 00:00:00w2023-02-23yMONOGRAFIA